| 000 | 00705nam a2200205Ia 4500 | ||
|---|---|---|---|
| 003 | GCL | ||
| 008 | 140319s9999 xx 000 0 ara d | ||
| 040 |
_aGCL / _cGCL |
||
| 082 | 0 | 4 |
_a301.1 _bس ا |
| 100 | 1 | _aسامية محمد جابر | |
| 245 | 1 | 0 |
_aالانحراف والمجتمع: محاولة لنقد نظرية علم الاجتماع والواقع الاجتماعى / _cسامية محمد جابر |
| 260 |
_a[S.N] : _bدار المعرفة الجامعية ، _c1994 |
||
| 300 | _a393 ص | ||
| 490 | _a | ||
| 650 | 0 | 4 | _aالمجتمع |
| 650 | 0 | 4 | _aعلم النفس الاجتماعى |
| 650 | 0 | 4 | _aالتغير الاجتماعى |
| 650 | 0 | 4 | _aالانحراف |
| 942 |
_2ddc _cBK |
||
| 999 |
_c55532 _d55532 |
||